NBA team's best player OAT - Statistics

General Stats
  • This quiz has been taken 2,154 times
    2,112 since last reset
  • The average score is 22 of 30
Answer Stats
Hint Answer % Correct
Cavaliers LeBron James
100%
Heat LeBron James
100%
Bulls Michael Jordan
99%
Bucks Kareem Abdul-Jabbar
95%
Celtics Larry Bird
93%
Lakers Kobe Bryant
92%
Mavericks Dirk Nowitzki
89%
Spurs Tim Duncan
86%
Jazz Karl Malone
83%
Warriors Wilt Chamberlain
82%
Rockets Hakeem Olajuwon
79%
Thunder Russell Westbrook
79%
Clippers Chris Paul
78%
Timberwolves Kevin Garnett
77%
Pistons Isiah Thomas
74%
Grizzlies Marc Gasol
74%
Knicks Patrick Ewing
74%
76ers Allen Iverson
72%
Pacers Reggie Miller
72%
Suns Steve Nash
71%
Raptors Vince Carter
71%
Pelicans Anthony Davis
67%
Magic Dwight Howard
63%
Nets Julius Erving
63%
Kings Oscar Robertson
60%
Trailblazers Clyde Drexler
58%
Hornets Kemba Walker
56%
Hawks Bob Pettit
48%
Nuggets Alex English
45%
Wizards Elvin Hayes
29%
No matching quizzes found
Score Distribution
Percent of People with Each Score
Percentile by Number Answered
Your Score History
You have not taken this quiz since the last reset